| 000 | 00912nam a22002417a 4500 | ||
|---|---|---|---|
| 999 |
_c14736 _d14736 |
||
| 003 | AR-CdUCM | ||
| 008 | 190423b ||||| |||| 00| 0 spa d | ||
| 020 | _a978-1-4748-1168-2 | ||
| 040 |
_aMUNICIPALIDAD PROVINCIAL DEL CUSCO _cBIBLIOTECA MUNICIPAL DEL CUSCO |
||
| 041 | _heng | ||
| 082 |
_aEP / 612 / _bP26 |
||
| 100 |
_aClaybourne, Anna _933141 |
||
| 245 | _aViaje al interior y al rededor de tu asombroso cuerpo / | ||
| 260 |
_aNew York : _bParragon, _c2015. |
||
| 300 |
_a128 páginas ; _bIlustraciones, _c19 cm. |
||
| 500 | _aAntes del titulo: Diverdidácticas. | ||
| 505 | _aContenido: Tu asombroso cuerpo -- El ser humano -- Mapa del cuerpo -- Todo se origina con la célula -- Huesos y músculos ... | ||
| 650 |
_aLiteratura infantiles _933610 |
||
| 650 |
_aEl cuerpo humano _933611 |
||
| 710 |
_aDelivering iBooks & Design (traductor) _933612 |
||
| 942 |
_2ddc _cLIBROS |
||
| 945 |
_acmm _d2019-04-24 |
||